00889cam a22002651 4500001001300000003000400013005001700017008004100034010001700075035001800092040002700110041001300137042001200150050002000162082001000182100003500192245003200227250008200259260004600341300003900387500008500426500005900511650003600570999001700606sa 63003900 DLC20260227111945.0711202s1962 ii cf 000 0 ita  asa 63003900  a(OCoLC)177530 aDLCcODaWUdOCoLCdDLC1 aenghita apremarc00aLB775b.M7 1962 a372.31 aMontessori, Maria,d1870-1952.14aThe discovery of the child. aRev. and enl. ed. of the Montessori method.bTranslated by Mary A. Johnstone. aMadras,bKalakshetra Publicationsc[1962] axiv, 398 p.bplates, port.c22 cm. aStamped on t.p.: Distributors for U.S.A. & Canada: Saint Leo Shop, Newport, R.I. aTranslation of Il methodo della pedagogia scientifica. 0aMontessori method of education. c55358d55358